| 000 | 00774nam a2200205Ia 4500 | ||
|---|---|---|---|
| 999 |
_c40115 _d40115 |
||
| 001 | 6721 | ||
| 003 | GE_BSU | ||
| 005 | 20191211151806.0 | ||
| 008 | 181216s1954||||ge |||||||||||||| ||geo|| | ||
| 040 | _cGE_BSU | ||
| 041 | _ageo | ||
| 080 | _a821.353.1-1 გ-30 | ||
| 100 |
_aგელოვანი, მირზა. _95783 |
||
| 245 |
_aლექსები / _cმირზა გელოვანი ; რედ. ალ. გომიაშვილი. |
||
| 264 |
_aთბილისი : _bსაბჭ.მწერალი, _c1954. |
||
| 300 |
_a110 გვ. : _bფოტო-პორტრეტი ; _c15 სმ. |
||
| 653 | _aლექსები | ||
| 700 |
_aგომიაშვილი, ალ. _eრედაქტორი _95785 |
||
| 942 |
_cBK _2udc |
||